000 00650nam a2200205 a 4500
001 000015033
005 20250207125148.0
008 100129s2007 dr 001 0 spa d
020 _a9789993439462
040 _aDO-SdBNP
_bspa
_cBNPHU
082 _aRD863.44
_bM663m
100 1 _aMinaya, Ligia,
_d1941-
_923177
245 1 0 _aMi corazón tiembla en la sombra /
_cLigia Minaya Belliard.
260 _aSanto Domingo :
_bLibrería La Trinitaria,
_c2007.
300 _a114 p. ;
_c22 cm.
590 _aInventariado, 2020/MAA
650 0 _aNovela dominicana
_9223
650 0 _aLiteratura dominicana.
_967
910 _aValidado. Control de calidad MMOLINA
999 _c14606
_d14606